000 02083nam a2200421 c 4500
003 BLK
005 20240720103300.0
008 180411b bul|||||r ||||||| ||bul||
010 _aKNG00205139000
020 _a978-619-150-894-5
_bиздат.: Колибри
040 _aBLK
041 _aBUL
_cBUL
072 7 _2bullib
_aН37
_xОбразование. Педагогика Н
080 _aПсихология на детската възраст. Интелектуално развитие на децата. Психически особености. Детски представи, описани в разкази
_b159.922.7
_x
_z159.922.7
080 _aВъзпитание у дома. Семейно възпитание
_b37.018.1
_x
_z37.018.1
100 1 _aКон, Алфи
_eпърви автор
_9328185
700 _aБаева, Надя Димитрова
_9383768
139 _aКон, Алфи
_bК 81
245 1 0 _aМитът за разглезеното дете
_bПредизвикателство срещу свръхконсервативното и ултрамодерното възпитание
_cАлфи Кон; прев. от англ. Надя Димитрова Баева.
257 _aUSA
260 София
_bКолибри
_c2017
_fСофия : Инвестпрес
300 _a270 с.
_c20 см
380 _a3
500 _aОриг. загл. The Myth of the Spoiled Child / Alfie Kohn.
650 4 _aДетска и педагогическа психология
_9244538
650 4 _aСемейно възпитание
_9263959
653 _aпедагогическа психология
653 _aдетска психология
653 _aсемейно възпитание
653 _aповеденческа психология
659 _aН
852 _aЦб 285181
856 4 _qpdf
_u
856 4 _qpdf
_u
942 _cKNG
_n0
_011
944 _aCR
_c18.04.2017
_lРусанова Ирена
_k30542
944 _aED
_c17.11.2017
_lф /
_kПенка_Димитрова
999 _c195884
_d195884